000 00697nam a2200217 i 4500
001 98493
003 ES-MaACL
007 t|
008 050923s1952 sp ||||1| lat d
080 _a1(02)
245 0 0 _aPhilosophiae Scholasticae summa.
260 _aMadrid :
_bEditorial Católica,
_c1952.
300 _a1 v. ;
_c20 cm.
490 1 _aBiblioteca de autores cristianos ;
_v92
505 8 _aContiene: v.3. Theodicea. Ethica / auctoribus Iosepho Hellin, Irenaeo González .- XXV, 915 p.
700 1 _aHellín, José.
_962450
700 1 _aGonzález Moral, Ireneo.
_958822
830 0 0 _aBiblioteca de autores cristianos
_v92
_9178679
852 _aES-MaACL
_jE-4202
999 _c98493
_d98493